Železné katedrály /

Hlavní autor: Vaverová, Romana, 1971-
Jazyk: Čeština
Vydáno: [Ostrava] : Romana Vaverová, [2023]
Témata:
Fyzický popis: 204 stran : ilustrace ; 22 cm
Knihy
Uloženo v:
LEADER 01933nam a2200541 i 4500
001 nkc20233533877
003 CZ PrNK
005 20241031085626.0
007 ta
008 230719t20232023xr a g 000 f cze
015 |a cnb003533877 
020 |a 978-80-908705-1-2  |q (vázáno) 
035 |a (OCoLC)1425862481 
040 |a BOA001  |b cze  |e rda 
043 |a e-xr---  |b e-xr-mo  |2 czenas 
045 |a w-w- 
072 7 |a 821.162.3-3  |x Česká próza  |2 Konspekt  |9 25 
080 |a 821.162.3-31  |2 MRF 
080 |a 669:334.716  |2 MRF 
080 |a 669  |2 MRF 
080 |a (437.326)  |2 MRF 
080 |a (0:82-311.6)  |2 MRF 
100 1 |a Vaverová, Romana,  |d 1971-  |7 xx0278648  |4 aut  |4 pbl 
245 1 0 |a Železné katedrály /  |c Romana Vaverová 
264 1 |a [Ostrava] :  |b Romana Vaverová,  |c [2023] 
264 4 |c ©2023 
300 |a 204 stran :  |b ilustrace ;  |c 22 cm 
336 |a text  |b txt  |2 rdacontent 
337 |a bez média  |b n  |2 rdamedia 
338 |a svazek  |b nc  |2 rdacarrier 
648 7 |a 19. století  |7 ch460557  |2 czenas 
650 0 7 |a hutní podniky  |7 ph207451  |z Česko  |y 19. století  |2 czenas 
650 0 7 |a hutní průmysl  |7 ph120952  |z Česko  |y 19. století  |2 czenas 
650 0 9 |a metallurgical plants  |z Czechia  |y 19th century  |2 eczenas 
650 0 9 |a metallurgical industry  |z Czechia  |y 19th century  |2 eczenas 
651 7 |a Vítkovice (Ostrava, Česko)  |7 ge134581  |2 czenas 
651 7 |a Moravská Ostrava (Ostrava, Česko)  |7 ge128518  |2 czenas 
651 9 |a Vítkovice (Ostrava, Czechia)  |2 eczenas 
651 9 |a Moravská Ostrava (Ostrava, Czechia)  |2 eczenas 
655 7 |a české romány  |7 fd133974  |2 czenas 
655 7 |a historické romány  |7 fd132414  |2 czenas 
655 9 |a Czech fiction  |2 eczenas 
655 9 |a historical novels  |2 eczenas 
910 2 |a BOA001  |b 2-1520.271 
990 |a BK 
995 |a 01 
991 |b 202402  |c NOV 
996 6 |b 2610960702  |c 2-1520.271  |l MZK  |r Sklad / do 1 hodiny  |n 1  |p p.v.  |w 001953137  |u 000010  |a 1  |e BOA001  |j MZK50  |s P